| 000 | 00666 a2200169 4500 | ||
|---|---|---|---|
| 003 | Nust | ||
| 005 | 20230213115116.0 | ||
| 040 | _cNust | ||
| 082 | _a973.3512,ELV | ||
| 100 |
_aElvin, Lionel _9108972 |
||
| 245 |
_aMen of America / _cElvin Lionel, |
||
| 260 |
_aLondon _c1941 |
||
| 300 | _a223:p | ||
| 505 | _aEngland and America (Page-13) Benjamin Franklin (Page-27) George Washington (Page-45) Alexander Hamilton (Page-65) Thomas Jefferson (Page-83) Abraham Lincoln (Page-119) Mark Twain (Page-141) Thomas A Edison (Page-155) John D. Rockefeller (Page-169) Henry Ford (Page-185) Franklin D. Roosevelt (Page-203) | ||
| 650 |
_aAmerica _9108973 |
||
| 942 |
_2ddc _cBK |
||
| 999 |
_c187586 _d187586 |
||